Sports Quiz

Random Sports or University Quiz

Colleges by Famous Athletes III Quiz Stats

 Plays Quiz Updated Sep 16, 2016

Challenge
Share
Tweet
Score 0/30 Timer 07:00
11 Plays Today
% Correct
Baylor University (Mike Singletary, Michael Johnson, Robert Griffin III)
88.3%
Harvard University (Ryan Fitzpatrick, Jeremy Lin, Dick Button)
85.2%
Marshall University (Randy Moss, Hal Greer, Chad Pennington)
78.9%
Virginia Tech (Michael Vick, Bimbo Coles, Antonio Freeman)
78.4%
Boston College (Doug Flutie, Brian Boyle, Matt Hasselbeck)
74.7%
University of Delaware (Joe Flacco, Rich Gannon, Gino Gradkowski)
71.7%
UCF (Daunte Culpepper, Brandon Marshall, Blake Bortles)
69.1%
North Carolina State University (Philip Rivers, Spud Webb, Torry Holt)
66.4%
University of Southern Mississippi (Brett Favre, Brian Dozier, Ray Guy)
65.9%
University of Virginia (Ronde Barber, Ralph Sampson, Matt Schaub)
65.7%
San Diego State University (Marshall Faulk, Tony Gwynn, Brian Sipe)
60.9%
Texas Tech (Wes Welker, Sheryl Swoopes, Michael Crabtree)
60.1%
Gonzaga University (John Stockton, Jason Bay, Tony Canadeo)
57.9%
University of Massachusetts (Julius 'Dr. J.' Erving, Victor Cruz, Marcus Camby)
55.7%
Clemson University (William 'Refrigerator' Perry, Elden Campbell, C.J. Spiller)
54.4%
% Correct
University of Maryland (Boomer Esiason, Steve Francis, Vernon Davis)
53.8%
Southern Methodist University (Eric Dickerson, Payne Stewart, Doak Walker)
51.8%
Washington State University (Drew Bledsoe, John Olerud, Ryan Leaf)
51.3%
Santa Clara University (Steve Nash, Brandi Chastain, Kurt Rambis)
44.7%
University of New Mexico (Brian Urlacher, Hank Baskett, Terance Mathis)
43.3%
University of Minnesota (Dave Winfield, Kris Humphries, Bronco Nagurski)
41%
University of Iowa (Ricky Davis, Dallas Clark, B.J. Armstrong)
36.7%
Princeton University (Bill Bradley, Jason Garrett, Moe Berg)
34.2%
UNLV (Shawn Marion, Randall Cunningham, Cecil Fielder)
29.6%
University of South Carolina (Alex English, Mookie Wilson, Sidney Rice)
26.8%
Jackson State University (Dennis 'Oil Can' Boyd, Walter Payton, Dave Clark)
21%
San Jose State University (Ken Caminiti, Jeff Garcia, Tommie Smith)
16.2%
University of Missouri (Kellen Winslow, Max Scherzer, Carl Edwards)
15.9%
UTEP (Tim Hardaway, Bob Beamon, Nate Archibald)
15.1%
Seton Hall University (Craig Biggio, Adrian Griffin, Mo Vaughn)
9.7%

You're not logged in!

Compare scores with friends on all Sporcle quizzes.
OR
Log In

You Might Also Like...

Show Comments

Extras

Top Quizzes Today


Score Distribution

Your Account Isn't Verified!

In order to create a playlist on Sporcle, you need to verify the email address you used during registration. Go to your Sporcle Settings to finish the process.

Report this User

Report this user for behavior that violates our Community Guidelines.

Details: